Perfect timing / (Record no. 233436)

000 -LEADER
fixed length control field 00979cam a22002414a 4500
001 - CONTROL NUMBER
control field 15827369
003 - CONTROL NUMBER IDENTIFIER
control field Nust
005 - DATE AND TIME OF LATEST TRANSACTION
control field 20170307155942.0
008 - FIXED-LENGTH DATA ELEMENTS--GENERAL INFORMATION
fixed length control field 090721r20091997ilu 000 1 eng
010 ## - LIBRARY OF CONGRESS CONTROL NUMBER
LC control number 2009029229
020 ## - INTERNATIONAL STANDARD BOOK NUMBER
International Standard Book Number 9780747257837
040 ## - CATALOGING SOURCE
Original cataloging agency DLC
Transcribing agency DLC
Modifying agency DLC
050 00 - LIBRARY OF CONGRESS CALL NUMBER
Classification number PR6063.A395
Item number P47 2009
082 00 - DEWEY DECIMAL CLASSIFICATION NUMBER
Classification number 823.914
Author Mark MAN
100 1# - MAIN ENTRY--PERSONAL NAME
Personal name Mansell, Jill.
245 10 - TITLE STATEMENT
Title Perfect timing /
Statement of responsibility, etc. Jill Mansell.
260 ## - PUBLICATION, DISTRIBUTION, ETC.
Place of publication, distribution, etc. Naperville, IL :
Name of publisher, distributor, etc. Sourcebooks Landmark,
Date of publication, distribution, etc. 2009.
300 ## - PHYSICAL DESCRIPTION
Extent 406 p. ;
Dimensions 21 cm.
500 ## - GENERAL NOTE
General note Originally published: London : Headline Book Pub., 1997.
650 ## - SUBJECT ADDED ENTRY--TOPICAL TERM
Topical term or geographic name entry element Humorous stories
General subdivision Fiction
655 #0 - INDEX TERM--GENRE/FORM
Genre/form data or focus term Chick lit.
655 #7 - INDEX TERM--GENRE/FORM
Genre/form data or focus term Love stories.
Source of term gsafd
906 ## - LOCAL DATA ELEMENT F, LDF (RLIN)
a 7
b cbc
c orignew
d 1
e ecip
f 20
g y-gencatlg
942 ## - ADDED ENTRY ELEMENTS (KOHA)
Source of classification or shelving scheme
Koha item type Book
Holdings
Withdrawn status Lost status Source of classification or shelving scheme Damaged status Not for loan Permanent Location Current Location Shelving location Date acquired Total Checkouts Total Renewals Full call number Barcode Checked out Date last seen Date last checked out Copy number Price effective from Koha item type
          Central Library (CL) Central Library (CL) Fiction 03/07/2017 4 3 823.914 MAN CL1569 12/06/2025 11/06/2025 11/06/2025 1 03/07/2017 Book
© 2023 Central Library, National University of Sciences and Technology. All Rights Reserved.